000 00590njm a2200181 i 4500
001 C2-0260714
003 PPAK
005 20180729152240.0
008 041027s2001 my |||| ||||| | may d
040 _aPPAK
_beng
_cPPAK
_erda
245 0 0 _aPersawahan dalam masyarakat Melayu Kedah sebelum perang
264 1 _aAlor Setar, Kedah :
_bPerbadanan Perpustakaan Awam Kedah ,
_c2001
336 _2rdacontent
_atext
337 _2rdamedia
_aunmediated
338 _2rdacarrier
_avolume
500 _aTiada transkripsi ; Dirakam pada 11/02/2001 ; Rakaman majlis sembang-sembang
942 _ddc
_cB
999 _c163336
_d163336